Islámské umění : Umění světa

Enregistré dans:
Détails bibliographiques
Auteur principal: Grube, Ernst J. (Auteur)
Format: Livre
Langue:tchèque
Publié: Praha : Artia, 1973
Tags: Ajouter un tag
Pas de tags, Soyez le premier à ajouter un tag!

MARC

LEADER 00000nam a22000003a 4500
001 stu224761
005 20150617230122.3
008 110502s1973----cs------------------cze-d
040 |a STU  |b slo 
041 0 |a cze 
044 |a cs 
100 1 |a Grube, Ernst J.  |4 aut 
245 1 |a Islámské umění :  |b Umění světa 
260 |a Praha :  |b Artia,  |c 1973 
300 |a 202 s., 206 obr 
996 |b 284V028314  |c V*7903/E-890  |l VVT  |s A  |a 24  |w stu224761_0001